| 000 | 00662nam a2200205 a 4500 | ||
|---|---|---|---|
| 005 | 20240925065939.0 | ||
| 008 | 030224s1998 es r 000 0 spa d | ||
| 020 | _a8483161044 | ||
| 035 | _aUPN01000122154 | ||
| 049 | _aCG | ||
| 050 | 4 |
_aLB1044.7 _bL6.2 |
|
| 100 | 1 |
_aLópez Herrerías, José Ángel _929067 |
|
| 245 | 1 | 0 |
_aCómo librarse de la tele y sus semejantes : _bayudas para educar con el análisis de contenido / _cJosé Angel López Herrerías. |
| 260 |
_aMadrid : _bCCS, _c1998. |
||
| 300 | _a239 p. | ||
| 440 | 0 |
_aEducar ; _v10 |
|
| 650 | 4 |
_aTelevisión en la educación _91518 |
|
| 650 | 4 |
_aMedios masivos de comunicación _99547 |
|
| 905 | _aLibro | ||
| 999 |
_c94351 _d94351 |
||